Patna Museum catalogue of antiquities; (Record no. 69849)
[ view plain ]
| 000 -LEADER | |
|---|---|
| fixed length control field | 00776cam a22002411 4500 |
| 001 - CONTROL NUMBER | |
| control field | sa 66005190 |
| 003 - CONTROL NUMBER IDENTIFIER | |
| control field | DLC |
| 005 - DATE AND TIME OF LATEST TRANSACTION | |
| control field | 20260227112248.0 |
| 008 - FIXED-LENGTH DATA ELEMENTS--GENERAL INFORMATION | |
| fixed length control field | 760908s1965 ii af bc 000 0 eng |
| 010 ## - LIBRARY OF CONGRESS CONTROL NUMBER | |
| LC control number | sa 66005190 |
| 035 ## - SYSTEM CONTROL NUMBER | |
| System control number | (OCoLC)2417973 |
| 040 ## - CATALOGING SOURCE | |
| Original cataloging agency | DLC |
| Transcribing agency | NNU |
| Modifying agency | DLC |
| 042 ## - AUTHENTICATION CODE | |
| Authentication code | premarc |
| 050 00 - LIBRARY OF CONGRESS CALL NUMBER | |
| Classification number | NB27.P45 |
| Item number | A6 |
| 082 ## - DEWEY DECIMAL CLASSIFICATION NUMBER | |
| Classification number | 732.4 |
| 110 2# - MAIN ENTRY--CORPORATE NAME | |
| Corporate name or jurisdiction name as entry element | Patna Museum. |
| 245 10 - TITLE STATEMENT | |
| Title | Patna Museum catalogue of antiquities; |
| Remainder of title | stone sculptures, metal images, terracottas and minor antiquities. |
| Statement of responsibility, etc. | Editor: Parmeshwari Lal Gupta, curator. |
| 260 ## - PUBLICATION, DISTRIBUTION, ETC. | |
| Place of publication, distribution, etc. | Patna, |
| Date of publication, distribution, etc. | 1965. |
| 300 ## - PHYSICAL DESCRIPTION | |
| Extent | iv, iv, 367, lviii p. |
| Other physical details | illus., plates. |
| Dimensions | 26 cm. |
| 504 ## - BIBLIOGRAPHY, ETC. NOTE | |
| Bibliography, etc. note | Bibliographical footnotes. |
| 650 #0 - SUBJECT ADDED ENTRY--TOPICAL TERM | |
| Topical term or geographic name entry element | Sculpture |
| Geographic subdivision | India |
| -- | Patna |
| Form subdivision | Catalogs. |
| 700 1# - ADDED ENTRY--PERSONAL NAME | |
| Personal name | Gupta, Parmeshwari Lal, |
| Dates associated with a name | 1914-2001. |
No items available.